000 00414nam a2200169Ia 4500
008 210210b1951 xxu||||| |||| 00| 0 eng d
041 _aeng
082 _a942/133
100 _aLAWLESS (Emily)
245 _aIreland: exhibitions 1851-1951
260 _aNew York
_bT Fisher Unwin
_c1951
650 _aIreland:
650 _aexhibitions
650 _a1851-1951
690 _aEuropean History
906 _a025540
999 _c151421
_d151421